Derecho de formalización y derecho de regularización en el sistema registral peruano (Registro nro. 22611)

000 -Cabecera
Campo de control interno 03025nam a2200277 4500
001 - Número de control
control field ESSALUD
005 - Fecha y hora de la última transacción
Campo de control 20260702105620.0
007 - Tipo material - Descripcion fisica - info general
Tipo material - Descripcion fisica - info general ta
008 - Elementos de Longitud Fija - Información General
Elementos de Longitud Fija - Información t pe ||||| |||| 00| 0 spa d
040 ## - Origen de la Catalogación
Origen de la Catalogación BMG
041 ## - Idioma
Idioma spa
100 ## - Autor
Autor Valderrama Chevarría, José Guillermo
Rol del Autor Autor
9 (RLIN) 47323
245 ## - Titulo
Titulo Derecho de formalización y derecho de regularización en el sistema registral peruano
246 ## - Variante del Titulo
Titulo Right of formalization and right of regularization within the peruvian registry system
300 ## - Páginas
Paginación páginas 177-189
520 ## - Resumen
Resumen El autor sostiene que el derecho de formalización es aquel que busca validar, garantizar y legalizar derechos reales de índole adquisitiva contenidos en actos jurídicos a través de la existencia plena y dación de instrumento público de carácter judicial, notarial, administrativo y arbitral; mientras que el derecho de regularización es aquel que busca resguardar la adecuación de un derecho prexistente en instrumento público para estatuir, modificar y extinguir un derecho, para posteriormente efectuar nuevas situaciones jurídicas bajo el principio mutatis mutandis. Asimismo, refiere que el Registro no es la entidad encargada de declarar la nulidad del acto jurídico que se quiere registrar, sino que solo rechaza la inscripción porque el derecho de formalización, contenido en el instrumento público que se pretende inscribir, nació con una patología de nulidad en su totalidad, que afecta su adecuado desarrollo y vida jurídica, conteniendo un fin ilícito.
520 ## - Resumen
Resumen The author contends that the right of formalization (derecho de formalización) seeks ta validate, guarantee, and legalize in rem acquisition rights arising from legal acts through the issuance and formal existence of a public instrument (whether judicial, notarial, administrative, or arbitral in nature). In contrast, the right of regularization (derecho de regularización) seeks to ensure the adequacy of a pre-existing right already contained in a public instrument in order to establish, modify, or extinguish a right, subsequently facilitating new legal situations under the principle of mutatis mutandis. Furthermore, the author asserts that the Registry is not the entity empowered to declare the nullity of a legal act presented far recordation; rother, it mere/y denies registration on the grounds that the right of formalization- embodied in the public instrument-was born with a comprehensive legal pathology (invalidity) that hinders its proper legal standing and development, as it pursues an unlawful purpose.
650 ## - Temas - Descriptores
Temas - Descriptores DERECHO DE FORMALIZACIÓN
9 (RLIN) 53097
650 ## - Temas - Descriptores
Temas - Descriptores DERECHO DE REGULARIZACIÓN
9 (RLIN) 53098
650 ## - Temas - Descriptores
Temas - Descriptores CALIFICACIÓN REGISTRAL
9 (RLIN) 53099
650 ## - Temas - Descriptores
Temas - Descriptores RIGHT OF FORMALIZATION
9 (RLIN) 53100
650 ## - Temas - Descriptores
Temas - Descriptores RIGHT OF REGULARIZATION
9 (RLIN) 53101
650 ## - Temas - Descriptores
Temas - Descriptores REGISTRAR ADDESSMENT
9 (RLIN) 53111
773 0# - Revista (Relacion con el numero)
Host Biblionumber 22573
Host Itemnumber 22621
Ciudad, Editorial Lima Grupo Praxis Formación Profesional, 2026-
Codigo barras item/ejemplar PRA002
Titulo de la Revista Praxis Civil & Procesal Civil
Número de control de registro ESSALUD
ISSN 3119-7671
942 ## - Elementos de Koha
Tipo de Documento Artículos
Fecha procesamiento 2026-07-01
Catalogador sqb

No hay ítems disponibles.